[Event "zonal 3.1a"]
[Site "Tehran IRI"]
[Date "1997.??.??"]
[Round "1"]
[White "Ghaem Maghami, Ehsan"]
[Black "Ravi, Lanka"]
[Result "1-0"]
[WhiteElo "2235"]
[BlackElo "2410"]
[EventDate "1997.??.??"]
[PlyCount "114"]

1.e4 c5 2.Nf3 Nc6 3.c3 e6 4.d4 d5 5.exd5 exd5 6.Be2 Bd6 7.dxc5 Bxc5 8.Nbd2
Nf6 9.O-O h6 10.Nb3 Bb6 11.Nfd4 O-O 12.Bf4 Re8 13.Re1 Ne4 14.Bd3 Qf6 15.
Qf3 Ne5 16.Bxe5 Qxe5 17.Qe3 Bc7 18.g3 Bd7 19.f3 Nf6 20.Qxe5 Rxe5 21.Rxe5 
Bxe5 22.Re1 Re8 23.Kg2 Kf8 24.Bb5 g6 25.Bxd7 Nxd7 26.Nc2 Bd6 27.Rxe8+ Kxe8
28.Ne3 Nf6 29.Kf2 Kd7 30.Ke2 h5 31.f4 Bc7 32.Nc5+ Kd6 33.Nd3 Bb6 34.Ne5 
Ke6 35.Nf3 Ne4 36.f5+ gxf5 37.Ng2 Bc7 38.Nd4+ Ke5 39.Ke3 Bb6 40.Nf4 Nd6 
41.Kd3 Nc8 42.Nf3+ Kd6 43.Nxh5 Bc7 44.Ng7 Ne7 45.Ke3 Kd7 46.Nd4 f4+ 47.
gxf4 Ng6 48.Nh5 Ke7 49.Kf3 Bb6 50.Kg4 Nf8 51.Ng3 Kf6 52.Ngf5 Nd7 53.Ne3 
Bxd4 54.Nxd5+ Ke6 55.Nc7+ Ke7 56.cxd4 a6 57.Nd5+ Ke6 1-0

[Event "zonal 3.1a"]
[Site "Tehran IRI"]
[Date "1997.??.??"]
[Round "2"]
[White "Hossain, Enamul"]
[Black "Kunte, Abhijit"]
[Result "1-0"]
[WhiteElo "2310"]
[BlackElo "2430"]
[EventDate "1997.??.??"]
[PlyCount "81"]

1.e4 c5 2.Nc3 Nc6 3.f4 e6 4.Nf3 a6 5.d4 cxd4 6.Nxd4 Qc7 7.Be2 b5 8.Be3 Bb7
9.O-O Bc5 10.Nf5 Nce7 11.Bxc5 Qxc5+ 12.Qd4 Qxd4+ 13.Nxd4 b4 14.Na4 Bxe4 
15.Nc5 Nf6 16.Nxa6 Nfd5 17.a3 O-O 18.g3 Nc6 19.Nxc6 dxc6 20.Nxb4 Nxb4 21.
axb4 Bxc2 22.Rxa8 Rxa8 23.Bf3 Rc8 24.Ra1 Bb3 25.Bxc6 Bd5 26.b5 Kf8 27.Bxd5
exd5 28.b6 Rb8 29.Ra6 Ke7 30.Kf2 Rc8 31.Ra7+ Kd6 32.Rxf7 Rc2+ 33.Ke3 Rxb2 
34.b7 g6 35.Rxh7 Kc5 36.Rc7+ Kd6 37.Rg7 Kc5 38.h4 Rb3+ 39.Kd2 d4 40.f5 
gxf5 41.h5 1-0

[Event "zonal 3.1a"]
[Site "Tehran IRI"]
[Date "1997.??.??"]
[Round "2"]
[White "Ghaem Maghami, Ehsan"]
[Black "Al-Modiahki, Mohamad"]
[Result "1/2-1/2"]
[WhiteElo "2235"]
[BlackElo "2380"]
[EventDate "1997.??.??"]
[PlyCount "67"]

1.e4 c5 2.Nf3 e6 3.c3 d5 4.exd5 Qxd5 5.d4 Nf6 6.Be3 cxd4 7.cxd4 Nc6 8.Nc3 
Qd6 9.Be2 Be7 10.O-O O-O 11.a3 b6 12.Rc1 Bb7 13.Qa4 a6 14.Rfd1 b5 15.Qb3 
Rac8 16.Bg5 Na5 17.Qa2 Nc4 18.a4 Qb4 19.b3 Na5 20.Bd2 Qxb3 21.axb5 Bb4 22.
Rb1 Qxa2 23.Nxa2 Bxd2 24.Nxd2 axb5 25.Bxb5 Rfd8 26.Nf1 Be4 27.Rb2 h6 28.
Ne3 Rb8 29.Nc3 Bd5 30.Rdb1 Be4 31.Ra1 Nb7 32.Nxe4 Nxe4 33.Bc6 Nbd6 34.Rxb8
1/2-1/2

[Event "zonal 3.1a"]
[Site "Tehran IRI"]
[Date "1997.??.??"]
[Round "3"]
[White "Lodhi, Mahmood"]
[Black "Hossain, Enamul"]
[Result "1-0"]
[WhiteElo "2400"]
[BlackElo "2310"]
[EventDate "1997.??.??"]
[PlyCount "38"]

1.d4 Nf6 2.c4 g6 3.Nc3 Bg7 4.e4 d6 5.f3 O-O 6.Nge2 e5 7.d5 c6 8.Bg5 h6 9.
Be3 cxd5 10.cxd5 a6 11.Qc2 Kh7 12.g4 Ng8 13.Ng3 Bf6 14.O-O-O Kg7 15.Kb1 
Nd7 16.Bd3 b5 17.Qf2 Rb8 18.h4 Bxh4 19.Rxh4 Qxh4 1-0

[Event "zonal 3.1a"]
[Site "Tehran IRI"]
[Date "1997.??.??"]
[Round "3"]
[White "Kunte, Abhijit"]
[Black "Ghaem Maghami, Ehsan"]
[Result "1-0"]
[WhiteElo "2430"]
[BlackElo "2235"]
[EventDate "1997.??.??"]
[PlyCount "83"]

1.Nf3 Nf6 2.g3 d5 3.Bg2 g6 4.O-O Bg7 5.d3 O-O 6.Nbd2 c5 7.c3 b6 8.a4 Nc6 
9.Re1 Bb7 10.e4 dxe4 11.dxe4 Qc7 12.Nc4 Rad8 13.Qc2 Ba6 14.Bf4 Qc8 15.Nfd2
Qe6 16.Bf1 Bb7 17.a5 Nh5 18.Bc7 Rc8 19.axb6 axb6 20.Bxb6 Ne5 21.Nxe5 Bxe5 
22.Nc4 Bb8 23.Ba7 Nf6 24.f3 Nd7 25.Bxb8 Rxb8 26.Red1 Nf6 27.Ra5 Rfc8 28.
Rda1 g5 29.h3 Kh8 30.Qe2 Nh5 31.Qf2 h6 32.Rxc5 Rxc5 33.Qxc5 Nxg3 34.Qc7 
Rc8 35.Qxg3 Rxc4 36.Bxc4 Qxc4 37.Qb8+ Bc8 38.Ra8 Qc5+ 39.Kg2 Qe3 40.Qxc8+ 
Kg7 41.Qh8+ Kg6 42.Qd4 1-0

[Event "zonal 3.1a"]
[Site "Tehran IRI"]
[Date "1997.??.??"]
[Round "4"]
[White "Hossain, Enamul"]
[Black "Al-Modiahki, Mohamad"]
[Result "1-0"]
[WhiteElo "2310"]
[BlackElo "2380"]
[EventDate "1997.??.??"]
[PlyCount "187"]

1.e4 c5 2.Nf3 e6 3.d4 cxd4 4.Nxd4 Nc6 5.Nc3 Qc7 6.f4 a6 7.Nxc6 bxc6 8.Bd3 
Bc5 9.Qg4 Kf8 10.e5 f5 11.Qe2 d5 12.Bd2 Ne7 13.Na4 Ba7 14.c4 c5 15.b3 d4 
16.h3 Bd7 17.Nb2 Rb8 18.Bc2 Bb6 19.Nd3 Ba5 20.Rg1 Bxd2+ 21.Qxd2 a5 22.Qc1 
h5 23.g3 Kf7 24.Qa3 Rbc8 25.Rd1 h4 26.Rd2 hxg3 27.Rxg3 Qc6 28.Rdg2 Rxh3 
29.Rxg7+ Kf8 30.Qc1 Qe4+ 31.Kf1 Rxd3 32.Bxd3 Qxd3+ 33.Kg1 Bc6 34.R2g3 Qe4 
35.Rh7 Ke8 36.Rgg7 Rc7 37.Qf1 Qe3+ 38.Qf2 Qc1+ 39.Kh2 Qh1+ 40.Kg3 Qe4 41.
Rh8+ Kd7 42.Rhh7 Kd8 43.Kh4 Qe3 44.Qh2 Ng6+ 45.Kg5 Rxg7 46.Rxg7 Nxe5 47.
Qh8+ Be8 48.Qf8 Qg3+ 49.Kf6 Ng4+ 50.Rxg4 fxg4 51.Qe7+ Kc8 52.Qxe8+ Kc7 53.
Qe7+ Kb8 54.Qd8+ Kb7 55.Qd7+ Kb8 56.Qb5+ Kc7 57.Qxc5+ Kb7 58.Qb5+ Kc8 59.
Qc6+ Kb8 60.Qb6+ Kc8 61.Qxe6+ Kc7 62.Qe5+ Kc8 63.Qc5+ Kb7 64.Qb5+ Kc8 65.
Qc6+ Kb8 66.Qd6+ Kb7 67.c5 d3 68.Qd7+ Kb8 69.Kg5 Qe3 70.c6 Qb6 71.Kxg4 d2 
72.Qd6+ Kc8 73.Qxd2 Qxc6 74.Qxa5 Qg2+ 75.Kf5 Qh3+ 76.Ke4 Qg2+ 77.Kd3 Qf3+ 
78.Kc2 Qe4+ 79.Kb2 Qxf4 80.Qc5+ Kd7 81.a4 Qd2+ 82.Ka3 Qd1 83.a5 Qa1+ 84.
Kb4 Qe1+ 85.Ka4 Qa1+ 86.Kb5 Qf1+ 87.Kb6 Qf6+ 88.Ka7 Qf7 89.b4 Ke8+ 90.Kb6 
Kd8 91.b5 Qf6+ 92.Qc6 Qf2+ 93.Kb7 Qf7+ 94.Ka8 1-0

[Event "zonal 3.1a"]
[Site "Tehran IRI"]
[Date "1997.??.??"]
[Round "4"]
[White "Bagheri, Amir"]
[Black "Ghaem Maghami, Ehsan"]
[Result "1/2-1/2"]
[WhiteElo "2300"]
[BlackElo "2235"]
[EventDate "1997.??.??"]
[PlyCount "52"]

1.Nf3 Nf6 2.g3 d5 3.Bg2 Nbd7 4.O-O e5 5.d3 Bd6 6.Nbd2 O-O 7.e4 c6 8.b3 Re8
9.Bb2 Nf8 10.Re1 Qc7 11.d4 Bg4 12.h3 Bxf3 13.Qxf3 exd4 14.Bxd4 dxe4 15.
Nxe4 Nxe4 16.Rxe4 Rxe4 17.Qxe4 Ne6 18.Bb2 Bc5 19.Be5 Qb6 20.Qf5 Bd4 21.Re1
Rd8 22.Bxd4 Qxd4 23.Bf1 g6 24.Qd3 Qxd3 25.Bxd3 Kf8 26.b4 Nc7 1/2-1/2

[Event "zonal 3.1a"]
[Site "Tehran IRI"]
[Date "1997.??.??"]
[Round "5"]
[White "Konguvel, Ponnuswamy"]
[Black "Hossain, Enamul"]
[Result "1/2-1/2"]
[WhiteElo "2425"]
[BlackElo "2310"]
[EventDate "1997.??.??"]
[PlyCount "107"]

1.e4 c5 2.Nf3 Nc6 3.d4 cxd4 4.Nxd4 Nf6 5.Nc3 e5 6.Ndb5 d6 7.Bg5 a6 8.Na3 
b5 9.Bxf6 gxf6 10.Nd5 f5 11.Bd3 Be6 12.Qh5 Rg8 13.g3 Rg4 14.f4 exf4 15.
O-O-O Bg7 16.exf5 Bxd5 17.Qxg4 Qf6 18.Rhe1+ Kf8 19.c3 b4 20.Nb1 fxg3 21.
Qxg3 Bh6+ 22.Rd2 Bxa2 23.Rg1 Rb8 24.Rg2 Ke7 25.Kd1 Bxd2 26.Nxd2 bxc3 27.
bxc3 Bb3+ 28.Ke2 Qxc3 29.Qxd6+ Kxd6 30.Ne4+ Ke5 31.Nxc3 a5 32.Kd2 Nd4 33.
f6 Kxf6 34.Bxh7 Rh8 35.Be4 Ke5 36.Rf2 f5 37.Bh1 Rc8 38.Rf1 Rh8 39.Re1+ Kf6
40.Kd3 Ne6 41.Rf1 Rh3+ 42.Kd2 Rxh2+ 43.Kd3 Rh3+ 44.Kd2 Nc5 45.Be4 Rh2+ 46.
Ke3 Nxe4 47.Nxe4+ Ke5 48.Ng3 Be6 49.Nxf5 a4 50.Nd4 Rh3+ 51.Rf3 a3 52.Rxh3 
Bxh3 53.Kd3 Be6 54.Kc3 1/2-1/2

[Event "zonal 3.1a"]
[Site "Tehran IRI"]
[Date "1997.??.??"]
[Round "5"]
[White "Ghaem Maghami, Ehsan"]
[Black "Prasad, Devaki"]
[Result "0-1"]
[WhiteElo "2235"]
[BlackElo "2420"]
[EventDate "1997.??.??"]
[PlyCount "106"]

1.e4 g6 2.d4 Bg7 3.g3 c5 4.c3 Qc7 5.Ne2 b6 6.Bg2 Bb7 7.O-O d6 8.d5 Nd7 9.
c4 Ngf6 10.Bd2 O-O 11.Bc3 e6 12.Nd2 exd5 13.exd5 b5 14.b3 b4 15.Bb2 Rfe8 
16.Re1 Ne5 17.Nf1 Bc8 18.h3 h5 19.Nf4 Rb8 20.Ne3 Bd7 21.Nd3 Nh7 22.Rb1 Qd8
23.Nc1 f5 24.Ne2 h4 25.Nf4 Nf8 26.Kh2 Rb6 27.Qc2 Qg5 28.Ne6 Nxe6 29.dxe6 
Bxe6 30.Nd5 Bxd5 31.Bxd5+ Kh7 32.Bc1 hxg3+ 33.fxg3 Qf6 34.Bf4 g5 35.Bd2 
Kh8 36.Rf1 Ng4+ 37.Kh1 Re2 38.Bg2 Ne3 39.Qd3 Nxf1 40.Rxf1 Re5 41.Bc1 Qe7 
42.Bb2 Re3 43.Bxg7+ Kxg7 44.Qxf5 Rb8 45.Qg4 Rf8 46.Rxf8 Kxf8 47.Kh2 Re2 
48.Kh1 Rxa2 49.Qf5+ Kg7 50.h4 Qf6 51.Qd7+ Kh6 52.h5 a5 53.Kh2 a4 0-1

[Event "zonal 3.1a"]
[Site "Tehran IRI"]
[Date "1997.??.??"]
[Round "6"]
[White "Hossain, Enamul"]
[Black "Hakki, Imad"]
[Result "1/2-1/2"]
[WhiteElo "2310"]
[BlackElo "2345"]
[EventDate "1997.??.??"]
[PlyCount "118"]

1.e4 c5 2.Nf3 d6 3.d4 cxd4 4.Nxd4 Nf6 5.Nc3 g6 6.Be3 Bg7 7.f3 O-O 8.Qd2 
Nc6 9.O-O-O d5 10.Qe1 e6 11.h4 Qc7 12.exd5 Nxd5 13.Nxd5 exd5 14.h5 Nxd4 
15.Bxd4 Bf5 16.Qc3 Qxc3 17.Bxc3 Bxc3 18.bxc3 Rac8 19.Kb2 Rfd8 20.g4 Be6 
21.Bb5 Rc5 22.Ba4 b5 23.Bb3 a5 24.a3 Kg7 25.hxg6 hxg6 26.Rd3 Kf6 27.Rhd1 
g5 28.a4 bxa4 29.Bxa4 Rb8+ 30.Kc1 Rh8 31.Re3 Rh3 32.Rd4 Rh1+ 33.Rd1 Rxd1+ 
34.Kxd1 Rc4 35.Bb3 Rf4 36.Rd3 Ke5 37.Ke2 a4 38.Ba2 Kd6 39.Kd2 Kc5 40.Kc1 
Rf6 41.Kb2 Rh6 42.Ka3 Rh2 43.Kxa4 Rxc2 44.Ka3 Rh2 45.Bb3 Rf2 46.Ba2 Kd6 
47.c4 d4 48.Rxd4+ Kc5 49.Re4 Rxf3+ 50.Kb2 Rf4 51.Re5+ Kd4 52.Rxg5 Rxg4 53.
Rxg4+ Bxg4 54.c5 f6 55.c6 Kc5 56.c7 Kb6 57.Kc3 Kxc7 58.Kd4 Kd6 59.Bb1 Bf5 
1/2-1/2

[Event "zonal 3.1a"]
[Site "Tehran IRI"]
[Date "1997.??.??"]
[Round "6"]
[White "Al-Bahadly, Amjad Ali"]
[Black "Ghaem Maghami, Ehsan"]
[Result "0-1"]
[WhiteElo "2265"]
[BlackElo "2235"]
[EventDate "1997.??.??"]
[PlyCount "104"]

1.e4 c5 2.Nf3 d6 3.d4 cxd4 4.Nxd4 Nf6 5.Nc3 a6 6.Bc4 e6 7.Bb3 Nbd7 8.f4 
Nc5 9.Qf3 b5 10.f5 b4 11.Na4 Nxb3 12.axb3 Bd7 13.fxe6 fxe6 14.O-O Be7 15.
e5 dxe5 16.Nc6 e4 17.Qxf6 gxf6 18.Nxd8 Rxd8 19.Be3 Bb5 20.Rf2 Rc8 21.Nb6 
Rc6 22.Rd1 Rc7 23.g3 Kf7 24.Rd4 Rd8 25.Rxd8 Bxd8 26.g4 Ke8 27.h3 Rc6 28.
Na4 Be7 29.Kg2 Kf7 30.Kg3 Bd6+ 31.Kg2 Bxa4 32.bxa4 Be5 33.b3 Rc3 34.Re2 f5
35.Bf2 a5 36.Be1 Rc7 37.Bf2 Rd7 38.Bh4 Rd1 39.Bf2 Bd4 40.Bg3 Bf6 41.Bc7 
Rd5 42.Bg3 Bg5 43.Be1 Bf6 44.Bg3 Ke7 45.Bh2 Kd7 46.Bg1 Be5 47.Bf2 Kc6 48.
Bh4 Rd4 49.Bf2 f4 50.Bxd4 f3+ 51.Kf1 fxe2+ 52.Kxe2 Bxd4 0-1

[Event "zonal 3.1a"]
[Site "Tehran IRI"]
[Date "1997.??.??"]
[Round "7"]
[White "Ghaem Maghami, Ehsan"]
[Black "Momeni, Hadi"]
[Result "1-0"]
[WhiteElo "2235"]
[BlackElo "2265"]
[EventDate "1997.??.??"]
[PlyCount "199"]

1.e4 c5 2.c3 e5 3.Nf3 Nc6 4.Bc4 Qc7 5.O-O Be7 6.b4 cxb4 7.cxb4 Nf6 8.d3 
Nxb4 9.Qb3 O-O 10.Ba3 d5 11.exd5 a5 12.Nc3 Bd7 13.Rac1 Qb8 14.d4 exd4 15.
Nxd4 Qf4 16.Nce2 Qh6 17.Ng3 Bd6 18.h3 g6 19.Qf3 Be5 20.Bb2 Qd2 21.Bc3 Qf4 
22.Qxf4 Bxf4 23.Bxb4 axb4 24.Rb1 Bd6 25.Rfd1 Rfc8 26.Bb3 Ra5 27.Nc2 Bxg3 
28.fxg3 Bf5 29.Rb2 Bxc2 30.Bxc2 Nxd5 31.Bb3 Nc3 32.Rd7 Rf5 33.g4 Rf4 34.
Rxb7 Re8 35.Kh2 h6 36.Rd2 Re1 37.Rd8+ Kg7 38.Rdd7 Ref1 39.Re7 g5 40.Rbc7 
R1f2 41.Ra7 Nb5 42.Rab7 Nc3 43.Ra7 Kf8 44.Reb7 Kg7 45.Re7 Nb5 46.Rab7 Nd4 
47.Rxb4 Nf3+ 48.Kg3 Nh4 49.Bd5 Rxg2+ 50.Bxg2 Rxb4 51.Bd5 Rf4 52.Ra7 Ng6 
53.a4 Ne5 54.a5 Rd4 55.Bg2 Rd3+ 56.Kf2 Rd2+ 57.Kg1 Rd1+ 58.Kh2 Rd2 59.a6 
Nc4 60.Re7 Ra2 61.a7 Nb6 62.Rc7 Ra6 63.Rc6 Rxa7 64.Rxb6 Ra4 65.Rb7 Ra2 66.
Kg3 Ra3+ 67.Bf3 Kg6 68.Rb5 Kg7 69.Rf5 Kg6 70.Kf2 Kg7 71.Bd5 Rxh3 72.Bxf7 
Ra3 73.Bh5 Rc3 74.Rf7+ Kg8 75.Re7 Ra3 76.Re3 Ra4 77.Rd3 Kg7 78.Ke3 Kf6 79.
Rd6+ Ke5 80.Rxh6 Ra3+ 81.Ke2 Ra2+ 82.Kd3 Ra3+ 83.Kc4 Ra4+ 84.Kb5 Ra1 85.
Rh8 Kf4 86.Rf8+ Kg3 87.Kc4 Rd1 88.Rf5 Kh4 89.Rd5 Re1 90.Kd4 Rd1+ 91.Ke5 
Rf1 92.Rd6 Rf2 93.Rd4 Rf1 94.Bg6 Rf2 95.Bf5 Ra2 96.Kf6 Ra6+ 97.Be6 Ra1 98.
Rd2 Rf1+ 99.Bf5 Rh1 100.Rd8 1-0

[Event "zonal 3.1a"]
[Site "Tehran IRI"]
[Date "1997.??.??"]
[Round "8"]
[White "Hossain, Enamul"]
[Black "Bagheri, Amir"]
[Result "0-1"]
[WhiteElo "2310"]
[BlackElo "2300"]
[EventDate "1997.??.??"]
[PlyCount "82"]

1.e4 c6 2.Nc3 d5 3.d4 dxe4 4.Nxe4 Bf5 5.Ng3 Bg6 6.h4 h6 7.f4 e6 8.Nf3 Nd7 
9.Bd3 Bxd3 10.Qxd3 Qc7 11.Ne5 Ngf6 12.Be3 Bd6 13.O-O-O Rf8 14.f5 O-O-O 15.
Nxd7 Qxd7 16.Bd2 Bxg3 17.Qxg3 exf5 18.Qxg7 Ng4 19.Rhf1 Rh8 20.d5 Qxd5 21.
Bg5 Qxa2 22.Bxd8 Qa1+ 23.Kd2 Rxd8+ 24.Ke2 Re8+ 25.Kd2 Rd8+ 26.Ke2 Qa6+ 27.
Rd3 Qb5 28.Rd1 Qc4 29.Kf3 Qe4+ 30.Kg3 Rxd3+ 31.Rxd3 Qe1+ 32.Kh3 Nf2+ 33.
Kh2 Nxd3 34.Qf8+ Kc7 35.Qxf7+ Kb6 36.cxd3 Qxh4+ 37.Kg1 Qd4+ 38.Kh2 Qd6+ 
39.Kh1 Qxd3 40.Qf6 h5 41.Qh8 a5 0-1

[Event "zonal 3.1a"]
[Site "Tehran IRI"]
[Date "1997.??.??"]
[Round "8"]
[White "Ghaem Maghami, Ehsan"]
[Black "Omearat, Adel"]
[Result "1-0"]
[WhiteElo "2235"]
[BlackElo "2260"]
[EventDate "1997.??.??"]
[PlyCount "71"]

1.e4 c5 2.Nf3 e6 3.c3 d5 4.exd5 Qxd5 5.d4 Nf6 6.Be3 cxd4 7.cxd4 Nc6 8.Nc3 
Qd6 9.a3 Be7 10.Bd3 O-O 11.O-O b6 12.Qe2 Bb7 13.Rad1 Rad8 14.Rfe1 Qc7 15.
Bb1 Rfe8 16.Bg5 g6 17.Ba2 Nd5 18.Bc1 Bf6 19.Bxd5 exd5 20.Qxe8+ Rxe8 21.
Rxe8+ Kg7 22.Nxd5 Qd7 23.Nxf6 Kxf6 24.Rg8 Ne7 25.Bg5+ Kf5 26.g4+ Kxg4 27.
Ne5+ Kxg5 28.Nxd7 Nxg8 29.Rc1 Nh6 30.Rc7 Be4 31.Rxa7 Nf5 32.Nxb6 Nxd4 33.
Rxf7 h5 34.h4+ Kg4 35.Nc4 Nf3+ 36.Rxf3 1-0

[Event "zonal 3.1a"]
[Site "Tehran IRI"]
[Date "1997.??.??"]
[Round "9"]
[White "Ravi, Lanka"]
[Black "Hossain, Enamul"]
[Result "1-0"]
[WhiteElo "2410"]
[BlackElo "2310"]
[EventDate "1997.??.??"]
[PlyCount "113"]

1.d4 Nf6 2.Nf3 g6 3.c4 Bg7 4.Nc3 O-O 5.e4 d6 6.Be2 e5 7.d5 a5 8.Bg5 h6 9.
Bh4 Na6 10.Nd2 Qe8 11.O-O Nh7 12.a3 Bd7 13.Kh1 a4 14.Nb5 Bxb5 15.cxb5 Nc5 
16.Bc4 Bf6 17.Bg3 Qe7 18.h3 b6 19.Bh2 Bg5 20.Qc2 Nf6 21.Rae1 h5 22.Nb1 Kg7
23.Nc3 h4 24.Qd1 Nh5 25.Bd3 Rh8 26.Bc2 Bf4 27.Bxa4 Nxa4 28.Nxa4 Qd7 29.Nc3
Bxh2 30.Kxh2 Nf4 31.Qg4 Qe7 32.Re3 Rh5 33.Rg1 Rg5 34.Qd1 Qd7 35.a4 Kf6 36.
b3 Ke7 37.Rf3 Rh8 38.Qd2 f6 39.Rxf4 exf4 40.Qxf4 Re5 41.f3 f5 42.Rd1 Ke8 
43.Qd2 Qe7 44.f4 Rxe4 45.Nxe4 fxe4 46.Re1 Kd8 47.Qd4 Re8 48.Re3 Kd7 49.b4 
g5 50.fxg5 Qxg5 51.Rxe4 Qg3+ 52.Kg1 Rxe4 53.Qxe4 Qb3 54.Qg4+ Ke8 55.Qc8+ 
Kf7 56.Qxc7+ Kg6 57.Qxd6+ 1-0

[Event "zonal 3.1a"]
[Site "Tehran IRI"]
[Date "1997.??.??"]
[Round "9"]
[White "Hakki, Imad"]
[Black "Ghaem Maghami, Ehsan"]
[Result "1-0"]
[WhiteElo "2345"]
[BlackElo "2235"]
[EventDate "1997.??.??"]
[PlyCount "71"]

1.e4 c5 2.Nc3 d6 3.f4 Nf6 4.Nf3 a6 5.d4 cxd4 6.Nxd4 e5 7.Nf3 Qc7 8.Bd3 Be6
9.O-O Be7 10.Kh1 Nbd7 11.Qe1 O-O 12.fxe5 dxe5 13.Bg5 h6 14.Be3 Rad8 15.Nh4
Nc5 16.Rd1 b5 17.a3 Ncxe4 18.Nxe4 Nxe4 19.Bxh6 f5 20.Bc1 Bxh4 21.Qxh4 Nc5 
22.Be2 Bd5 23.c4 bxc4 24.Bg5 Rd7 25.Rxd5 Rxd5 26.Qxc4 Qf7 27.Be7 Qxe7 28.
Qxd5+ Kh7 29.Rf3 Ne4 30.Qd1 Rd8 31.Qe1 g6 32.Bxa6 Qd6 33.Qh4+ Kg7 34.Rd3 
Qb6 35.Qe7+ Kh6 36.Rh3# 1-0

[Event "zonal 3.1a"]
[Site "Tehran IRI"]
[Date "1997.??.??"]
[Round "10"]
[White "Eid, Fadi"]
[Black "Hossain, Enamul"]
[Result "0-1"]
[WhiteElo "2270"]
[BlackElo "2310"]
[EventDate "1997.??.??"]
[PlyCount "84"]

1.d4 Nf6 2.c4 g6 3.Nc3 Bg7 4.e4 d6 5.Nf3 O-O 6.Be2 e5 7.O-O Nc6 8.d5 Ne7 
9.b4 a5 10.bxa5 c5 11.a4 Rxa5 12.Nd2 Ne8 13.Nb3 Ra6 14.Ra3 f5 15.a5 Nf6 
16.Bf3 f4 17.Na4 g5 18.h3 Qe8 19.Naxc5 dxc5 20.Nxc5 Ra8 21.Qb3 h5 22.Nxb7 
g4 23.Nd6 Qd7 24.c5 gxf3 25.Qxf3 Ba6 26.Re1 Qc7 27.Qc3 Nd7 28.c6 Qxd6 29.
cxd7 Qxd7 30.Qf3 Qe8 31.Rb3 Qf7 32.Ba3 Rfb8 33.Rb6 Rxb6 34.axb6 Nc8 35.Rb1
Bb7 36.Bc5 Qg6 37.Qd3 Bf8 38.Bxf8 Kxf8 39.Rc1 Qxb6 40.Qf3 Qg6 41.Rc7 Nd6 
42.Qc3 Qxe4 0-1

[Event "zonal 3.1a"]
[Site "Tehran IRI"]
[Date "1997.??.??"]
[Round "11"]
[White "Ghaem Maghami, Ehsan"]
[Black "Murugan, Krishnamoorthy"]
[Result "0-1"]
[WhiteElo "2235"]
[BlackElo "2385"]
[EventDate "1997.??.??"]
[PlyCount "138"]

1.e4 c5 2.Nf3 d6 3.c3 Nf6 4.Be2 Nc6 5.Qc2 Bg4 6.O-O Rc8 7.d3 g6 8.Be3 Bg7 
9.Nbd2 O-O 10.Qb3 Qd7 11.h3 Bxf3 12.Bxf3 Ne8 13.Be2 Nc7 14.f4 b6 15.Nf3 d5
16.Rad1 d4 17.Bd2 e6 18.Kh2 Kh8 19.Ng5 f6 20.Nf3 f5 21.e5 Nd5 22.Qa4 Nxe5 
23.Qxd7 Nxd7 24.c4 Nc7 25.Rde1 Rcd8 26.Bd1 Bf6 27.Re2 Kg7 28.Rfe1 h5 29.g3
Kf7 30.Ba4 Kg7 31.b4 cxb4 32.Bxd7 Rxd7 33.Bxb4 Rc8 34.Ne5 Bxe5 35.Rxe5 Na6
36.Ba3 Nc5 37.Bxc5 Rxc5 38.Rxc5 bxc5 39.Rb1 e5 40.fxe5 Re7 41.Kg2 Rxe5 42.
Rb7+ Kf6 43.Rxa7 Re2+ 44.Kf3 Re3+ 45.Kf2 Rxd3 46.Ra5 h4 47.gxh4 Rxh3 48.
Rxc5 Rxh4 49.a4 Rh2+ 50.Kf3 Rh3+ 51.Ke2 Ra3 52.a5 g5 53.Rd5 g4 54.Rxd4 
Rxa5 55.Rd8 Ke5 56.Re8+ Kd4 57.Rd8+ Kxc4 58.Ke3 Ra3+ 59.Kf2 Rd3 60.Rf8 
Rf3+ 61.Kg2 Kd4 62.Rd8+ Ke4 63.Re8+ Kf4 64.Rb8 Ra3 65.Rb4+ Kg5 66.Rb5 Re3 
67.Ra5 Kf4 68.Ra4+ Re4 69.Ra2 Re5 0-1

[Event "zonal 3.1a"]
[Site "Tehran IRI"]
[Date "1997.??.??"]
[Round "11"]
[White "Hossain, Enamul"]
[Black "Najjar, Ahmad"]
[Result "0-1"]
[WhiteElo "2310"]
[BlackElo "2230"]
[EventDate "1997.??.??"]
[PlyCount "84"]

1.e4 e5 2.Bc4 Nc6 3.Nc3 Nf6 4.d3 Na5 5.Nge2 Nxc4 6.dxc4 c6 7.Bg5 Be7 8.Qd2
Qb6 9.b3 h6 10.Be3 Qa5 11.f3 d6 12.O-O-O Be6 13.Kb2 a6 14.Nd5 Qxd2 15.
Nxf6+ gxf6 16.Rxd2 b5 17.cxb5 axb5 18.Nc3 f5 19.Bb6 fxe4 20.fxe4 Rg8 21.g3
Kd7 22.Rhd1 Bg4 23.Rf1 Ke6 24.Be3 h5 25.a4 b4 26.Ne2 Bh3 27.Ra1 Bg2 28.c3 
c5 29.cxb4 cxb4 30.a5 Ra6 31.Ra4 Bxe4 32.Rxb4 d5 33.Rb6+ Rxb6 34.Bxb6 Bb4 
35.Nc3 Ra8 36.Nxe4 dxe4 37.Rd1 Bxa5 38.Bxa5 Rxa5 39.b4 Rd5 40.Rh1 f5 41.
Kc3 f4 42.Rf1 Kf5 0-1